Železnica v Bratislave

Bibliographic Details
Main Author: Filo, Valentín, 1937-2001 (Author)
Format: Article
Language:Slovak
PhysicalDescription:Obr.
ISSN:1210-0978
Subjects:

MARC

LEADER 00000nab a2200000 a 4500
001 vtls000700634
003 SK-MaSNL
005 20260426082015.0
008 250429c1999 xo 0 slo
015 |a SNBRB1999/09-21534 
035 |a CLN000052801 
035 |a urn:nbn:sk:snk-ab31oy 
035 |a (urnnbn)urn:nbn:sk:snk:ar-a04mfq 
035 |a (uuid)603ab691-a72b-4afa-8add-5bcb3b345684 
040 |a SNKBUCL  |b slo  |c SNKBUCL  |e AACR2 
041 0 |a slo 
044 |a xo  |c SK 
080 |a 656.21(437.6)(091)  |2 1997 
080 |a 625.1(437.6)(091)  |2 1997 
100 1 |a Filo, Valentín,  |d 1937-2001  |4 aut  |9 17160 
245 1 0 |a Železnica v Bratislave  |c Valentín Filo 
300 |b Obr. 
500 |a Pokračovanie 
650 0 7 |a železnice  |2 SNKPH  |9 20511 
651 7 |a Bratislava (Slovensko)  |2 SNKPHgeo  |9 14568 
655 7 |a články z novín a časopisov  |2 snkbucl  |9 267496 
773 0 |t Horizonty dopravy  |g Roč. 7, č. 2 (1999), s. 37-42  |x 1210-0978 
850 |a Slovenská národná knižnica 
852 |a Slovenská národná knižnica 
954 |a odborná, vedecká literatúra pôvodná (slovenská)  |2 lita 
958 |a article27 
958 |a OND 
958 |a SK 
958 |a EUIPO 
992 |a RBX 
999 |c 2860139  |d 2862069